| 000 | 00420nam a2200181Ia 4500 | ||
|---|---|---|---|
| 008 | 210210b1935 xxu||||| |||| 00| 0 eng d | ||
| 041 | _aeng | ||
| 082 | _a822/1161 | ||
| 100 | _aSTRANG (H) | ||
| 245 | _aTreasury of english prose | ||
| 260 |
_aLondon _bOxford University Press _c1935 |
||
| 650 | _aTreasury | ||
| 650 | _aprose | ||
| 650 | _aof | ||
| 650 | _aenglish | ||
| 690 | _aEnglish Prose | ||
| 906 | _a013343 | ||
| 999 |
_c132208 _d132208 |
||